[Event "AUTO-OPEN-3193"]
[Site "http://www.queenalice.com/game.php?id=1258287"]
[Date "2014.2.20"]
[Round "1"]
[White "fontaine"]
[Black "Morau"]
[Result "1-0"]
[WhiteElo "2644"]
[BlackElo "1962"]

1. e4 e5 2. f4 exf4 3. Nf3 g5 4. h4 g4 5. Ne5 Nc6 6. d4 Nxe5 7. dxe5 f3 8. gxf3
gxf3 9. Qxf3 d6 10. Bb5+ c6 11. Bc4 Be6 12. Bxe6 fxe6 13. Bg5 Qa5+ 14. Nd2 Qxe5
15. Qh5+ Kd7 16. O-O-O Qg7 17. Nc4 Nf6 18. Bxf6 Qxf6 19. Kb1 e5 20. Rhf1 Qe6 21.
Rf7+ Be7 22. Rxd6+ Qxd6 23. Nxd6 Kxd6 24. Qh6+ Kd7 25. Qf6 Rhe8 26. Rxh7 Kd8 27.
Qxe5 Bf8 28. Qc7# 1-0

[Event "AUTO-OPEN-3193"]
[Site "http://www.queenalice.com/game.php?id=1258288"]
[Date "2014.2.20"]
[Round "1"]
[White "Morau"]
[Black "mauricio_sm"]
[Result "1-0"]
[WhiteElo "1960"]
[BlackElo "2019"]

1. e4 e5 2. Nf3 Nc6 3. Bc4 Bc5 4. Nc3 d6 5. Na4 Bb6 6. Nxb6 axb6 7. d4 exd4 8.
Nxd4 Nge7 9. O-O Ne5 10. Bb3 O-O 11. Bg5 c5 12. Nb5 c4 13. f4 cxb3 14. fxe5 h6
15. Bxe7 Qxe7 16. exd6 Qd7 17. a4 Rd8 18. cxb3 Qc6 19. Qf3 Be6 20. Rac1 Qd7 21.
e5 Rac8 22. Rc7 Bg4 23. Rxd7 Bxf3 24. Rxd8+ Rxd8 25. Rxf3 Rd7 26. Rc3 Kh7 27.
Rc7 Rxc7 28. dxc7 Kg6 29. c8=Q f5 30. e6 Kf6 31. Qd7 g5 32. e7 f4 33. e8=Q g4
34. Qee6+ Kg5 35. Qg7+ Kh4 36. Qgxh6# 1-0

[Event "AUTO-OPEN-3193"]
[Site "http://www.queenalice.com/game.php?id=1258289"]
[Date "2014.2.20"]
[Round "1"]
[White "mauricio_sm"]
[Black "Morau"]
[Result "0-1"]
[WhiteElo "2022"]
[BlackElo "1920"]

1. e4 e5 2. Nf3 Nf6 3. d3 Nc6 4. Bg5 d5 5. exd5 Qxd5 6. Nc3 Bb4 7. Bd2 Bxc3 8.
Bxc3 Be6 9. Be2 O-O-O 10. Ng5 Qxg2 0-1

[Event "Challenge"]
[Site "http://www.queenalice.com/game.php?id=1278945"]
[Date "2014.5.4"]
[Round "-"]
[White "Zugswang"]
[Black "Morau"]
[Result "1-0"]
[WhiteElo "2243"]
[BlackElo "1968"]

1. e4 e5 2. f4 exf4 3. Nf3 g5 4. Bc4 Bg7 5. O-O Nh6 6. d4 O-O 7. Nc3 Nc6 8. e5
Re8 9. Nxg5 Qxg5 10. Bxf4 Qh4 11. g3 Qe7 12. Bxh6 Bxh6 13. Bxf7+ Qxf7 14. Rxf7
Kxf7 15. Qh5+ Kf8 16. Qxh6+ Kg8 17. Nd5 Re6 18. Nf6+ Rxf6 19. exf6 Nxd4 20. Qg7#
1-0

[Event "AUTO-MASTER-2294"]
[Site "http://www.queenalice.com/game.php?id=1358851"]
[Date "2015.5.11"]
[Round "1"]
[White "phystutordotcom"]
[Black "Morau"]
[Result "1-0"]
[WhiteElo "2313"]
[BlackElo "2021"]

1. d4 Nf6 2. g3 d5 3. Nf3 c5 4. Bg2 cxd4 5. Nxd4 e5 6. Nb3 Bf5 7. c4 Nc6 8. cxd5
Nb4 9. O-O Nc2 10. e4 Nxa1 11. exf5 Nxb3 12. Qxb3 Qd7 13. Nc3 Bd6 14. Bg5 Qxf5
15. Bxf6 Qxf6 16. Qb5+ Kf8 17. Qxb7 Rb8 18. Qxa7 Qe7 19. Qa6 h5 20. Rc1 Rh6 21.
Qe2 h4 22. Ne4 hxg3 23. hxg3 f5 24. Nxd6 Rxd6 25. Qh5 Qf7 26. Qh8+ Qg8 27. Qh4
Qf7 28. Rc6 Rbd8 29. b4 e4 30. Bf1 e3 31. fxe3 Qxd5 32. Qh8+ Qg8 33. Rxd6 Rxd6
34. Qxg8+ Kxg8 35. a4 Rd1 36. a5 Kf8 37. a6 Ke8 38. b5 Ra1 39. b6 Kd8 40. a7 Kc8
41. Kh2 Kb7 42. Bg2+ Kxb6 43. a8=Q Rxa8 44. Bxa8 Kc7 45. Kg2 Kd6 46. Kf3 Ke5 47.
g4 fxg4+ 48. Kxg4 Kf6 49. e4 g6 50. Bd5 Ke5 51. Kg5 Kd6 52. Kxg6 Ke7 53. e5 Kd7
54. Bf7 Ke7 55. e6 Kf8 56. Kf5 Ke7 57. Ke5 Kf8 58. Kd6 Kg7 59. Ke7 Kh8 60. Kf6
1-0

[Event "AUTO-MASTER-2294"]
[Site "http://www.queenalice.com/game.php?id=1358852"]
[Date "2015.5.11"]
[Round "1"]
[White "Morau"]
[Black "phystutordotcom"]
[Result "1/2-1/2"]
[WhiteElo "2017"]
[BlackElo "2316"]

1. e4 d6 2. Nc3 e5 3. Nf3 Nf6 4. d4 Nbd7 5. Bc4 Be7 6. Ng5 O-O 7. Bxf7+ Rxf7 8.
Ne6 Qe8 9. Nxc7 Qd8 10. Nxa8 b5 11. dxe5 Nxe5 12. O-O Bd7 13. a4 Qxa8 14. f4
Neg4 15. axb5 d5 16. exd5 Bc5+ 17. Kh1 Nf2+ 18. Rxf2 Bxf2 19. Qd3 Qc8 20. d6 Bf5
21. Qe2 Bc5 22. Be3 Bxd6 23. Rxa7 Rxa7 24. Bxa7 Bxf4 25. Bd4 Kf7 26. h3 Bb8 27.
g4 Bg6 28. Qg2 Qe6 29. Bxf6 Qe1+ 30. Qg1 Qxg1+ 31. Kxg1 gxf6 32. Kf2 Bxc2 33.
Kf3 Ba7 34. Nd5 Bb3 35. Ke4 Ke6 36. Nc7+ Kd7 37. Nd5 Bc2+ 38. Kf3 Bd4 39. Nb4
Bg6 40. b3 Kd6 41. Na6 Bc2 42. b4 Bd3 43. Nc5 Bxc5 44. bxc5+ Kxc5 45. b6 Kxb6
46. Kf4 Kc5 47. h4 Kd4 48. g5 fxg5+ 49. hxg5 Bg6 50. Kg4 Ke4 51. Kg3 Kf5 52. Kh4
Kf4 53. Kh3 Kxg5 54. Kg3 h5 55. Kh3 h4 56. Kg2 Kg4 57. Kh2 h3 58. Kh1 Be4+ 59.
Kg1 Kg3 60. Kf1 h2 1/2-1/2

[Event "AUTO-MASTER-2294"]
[Site "http://www.queenalice.com/game.php?id=1358865"]
[Date "2015.5.11"]
[Round "1"]
[White "Alexandrovinsk"]
[Black "Morau"]
[Result "0-1"]
[WhiteElo "2108"]
[BlackElo "2001"]

1. e4 e5 2. Nf3 Nc6 3. d4 exd4 4. Nxd4 Bc5 5. Nxc6 Qf6 6. Qd2 dxc6 7. Bc4 Be6 8.
Bb3 Qg6 9. Nc3 Qxg2 10. Rf1 Bh3 11. Qe2 Nf6 12. Bf4 O-O-O 13. f3 Qxf1+ 14. Qxf1
Bxf1 15. Kxf1 Rd7 16. e5 Nd5 17. Nxd5 cxd5 18. c3 c6 19. Bc2 g6 20. Re1 Re8 21.
Bg3 d4 22. cxd4 Bxd4 23. b3 f6 24. f4 fxe5 25. fxe5 Rde7 26. h4 Bxe5 27. Bf2 Rf8
28. Kg2 Rxf2+ 0-1

[Event "AUTO-MASTER-2294"]
[Site "http://www.queenalice.com/game.php?id=1358866"]
[Date "2015.5.11"]
[Round "1"]
[White "Morau"]
[Black "Alexandrovinsk"]
[Result "0-1"]
[WhiteElo "1987"]
[BlackElo "2156"]

1. e4 e5 2. Nf3 Nf6 3. Nxe5 d6 4. Nf3 Nxe4 5. Qe2 Qe7 6. Nc3 Nxc3 7. dxc3 Nc6 8.
Be3 Bg4 9. Qb5 Bxf3 10. gxf3 O-O-O 11. O-O-O Qf6 12. Rg1 h6 13. f4 Be7 14. Bg2
a6 15. Qc4 Nb8 16. Bh3+ Nd7 17. Bb6 c6 18. Bxd8 Rxd8 19. Qd4 Qxd4 20. cxd4 g6
21. Rge1 Bf6 22. c3 Kc7 23. Kc2 Nb6 24. Bg2 d5 25. Rd3 Nc4 26. Rh3 h5 27. f5 b5
28. Bf1 Nd6 29. fxg6 fxg6 30. Bd3 Rg8 31. Re6 Bd8 32. Bxg6 h4 33. Rhe3 a5 34.
Re2 Nc4 35. b3 Nd6 36. a4 bxa4 37. bxa4 Nc4 38. h3 Na3+ 39. Kb3 Nc4 40. Bd3 Nd6
41. Rh6 Bg5 42. Rh7+ Kb6 43. Ka2 Nc8 0-1

[Event "AUTO-MASTER-2294"]
[Site "http://www.queenalice.com/game.php?id=1358875"]
[Date "2015.5.11"]
[Round "1"]
[White "Morau"]
[Black "cksl333"]
[Result "1/2-1/2"]
[WhiteElo "1989"]
[BlackElo "2197"]

1. e4 b6 2. Nc3 Bb7 3. d4 e6 4. Nf3 Bb4 5. Bd3 Nf6 6. Bg5 h6 7. Bxf6 Qxf6 8. Qd2
c5 9. dxc5 Bxc3 10. bxc3 bxc5 11. Rb1 Bc6 12. O-O d5 13. e5 Qe7 14. c4 Nd7 15.
cxd5 Bxd5 16. Rfd1 O-O 17. Be2 Rab8 18. Qe3 Rxb1 19. Rxb1 Rb8 20. Rxb8+ Nxb8 21.
a3 Nc6 22. h3 a5 23. Nh2 Qg5 24. Qxg5 hxg5 25. c4 Be4 26. Bf3 Bxf3 27. Nxf3 f6
28. Kf1 Kf7 29. Ke2 Nd4+ 30. Ke3 Nc6 31. a4 Kg6 32. exf6 gxf6 33. Nd2 Ne5 34.
Ke4 Kf7 35. g3 Ke7 36. f4 Nf7 37. Ke3 gxf4+ 38. gxf4 Nd6 39. Kd3 Kf7 40. Ne4 Nb7
41. Ke3 Kg6 42. Kd3 Kf7 43. Ke3 Kg6 44. Kd3 1/2-1/2

[Event "AUTO-MASTER-2294"]
[Site "http://www.queenalice.com/game.php?id=1358876"]
[Date "2015.5.11"]
[Round "1"]
[White "cksl333"]
[Black "Morau"]
[Result "0-1"]
[WhiteElo "2225"]
[BlackElo "1963"]

1. e4 e5 2. Bc4 Nf6 3. d3 c6 4. Nf3 d5 5. Bb3 Bb4+ 6. Bd2 Bg4 7. Bxb4 a5 8. Bc3
a4 9. Nbd2 axb3 10. Nxb3 dxe4 11. dxe4 Qxd1+ 12. Rxd1 Nxe4 13. Rd3 f6 14. a3 Nd7
15. O-O Bxf3 16. Rxf3 Nb6 17. Bb4 Nd5 18. Bc5 b6 19. Be3 Nd6 20. Nd2 O-O 21. c4
Nxe3 22. Rxe3 Rfd8 23. Rc3 Nf7 24. Nb3 c5 25. f3 Ng5 26. f4 exf4 27. Rxf4 Rd6
28. h4 Nf7 29. Rc2 Rad8 30. Nc1 Ne5 31. b3 Ng6 32. Re4 f5 0-1

[Event "Challenge"]
[Site "http://www.queenalice.com/game.php?id=1359363"]
[Date "2015.5.13"]
[Round "-"]
[White "Magogue"]
[Black "Morau"]
[Result "0-1"]
[WhiteElo "1377"]
[BlackElo "1999"]

1. e4 e5 2. f4 exf4 3. Bc4 Qh4+ 4. Kf1 Qf6 5. Nc3 Ne7 6. Nf3 d6 7. d4 Bg4 8. Ne2
Nbc6 9. Bxf4 Bxf3 10. gxf3 g5 11. e5 dxe5 12. dxe5 Nxe5 13. Bxe5 Qxf3+ 14. Kg1
Qe3+ 15. Kg2 Qe4+ 16. Kg1 Qxe5 17. Qd4 Ng6 18. Rf1 Bc5 0-1

[Event "Challenge"]
[Site "http://www.queenalice.com/game.php?id=1359364"]
[Date "2015.5.13"]
[Round "-"]
[White "Morau"]
[Black "Magogue"]
[Result "1-0"]
[WhiteElo "1997"]
[BlackElo "1379"]

1. c4 e5 2. Nc3 Nf6 3. Nf3 Nc6 4. d4 exd4 5. Nxd4 Bb4 6. g3 Bxc3+ 7. bxc3 O-O 8.
Bg2 Re8 9. O-O Ne5 10. Qb3 c6 11. c5 d5 12. cxd6 Qxd6 13. Rd1 Qc7 14. Rb1 Rb8
15. Bg5 Nfd7 16. Qa3 a6 17. Nf5 Nc4 18. Qb4 1-0

[Event "Challenge"]
[Site "http://www.queenalice.com/game.php?id=1370494"]
[Date "2015.7.8"]
[Round "-"]
[White "ORNELAS"]
[Black "Morau"]
[Result "0-1"]
[WhiteElo "1691"]
[BlackElo "2029"]

1. Nf3 Nf6 2. c3 d5 3. d4 Nbd7 4. Bf4 Nh5 5. e3 Nxf4 6. exf4 e6 7. Bb5 a6 8. Ba4
Bd6 9. Qd2 O-O 10. O-O c5 11. Bc2 Qf6 12. Qd3 Qh6 13. dxc5 Bxf4 14. c6 Ne5 15.
Qe2 Nxf3+ 16. Qxf3 Qxh2# 0-1

[Event "AUTO-OPEN-3514"]
[Site "http://www.queenalice.com/game.php?id=1372381"]
[Date "2015.7.20"]
[Round "1"]
[White "Morau"]
[Black "maurice91"]
[Result "1-0"]
[WhiteElo "2031"]
[BlackElo "1772"]

1. e4 c6 2. d4 d5 3. e5 c5 4. dxc5 Qa5+ 5. c3 Qxc5 6. Be3 Qc6 7. Nf3 Bd7 8. Nd4
Qg6 9. Nb5 Na6 10. Qxd5 Bc6 11. Qd1 Bxb5 12. Bxb5+ 1-0

[Event "AUTO-OPEN-3514"]
[Site "http://www.queenalice.com/game.php?id=1372382"]
[Date "2015.7.20"]
[Round "1"]
[White "maurice91"]
[Black "Morau"]
[Result "0-1"]
[WhiteElo "1896"]
[BlackElo "2037"]

1. d4 d6 2. f4 Nf6 3. Nf3 d5 4. e3 e6 5. c4 c5 6. Nc3 Nc6 7. cxd5 exd5 8. Bb5
Bd7 9. O-O a6 10. Bd3 Bg4 11. Bc2 Rc8 12. Qd2 Be7 13. h3 Bxf3 14. Rxf3 O-O 15.
b3 cxd4 16. exd4 Nxd4 17. Rd3 Bb4 18. Bb2 Ne4 19. Qd1 Nxc3 20. Bxc3 Bxc3 21.
Rxd4 Bxd4+ 22. Qxd4 Rxc2 23. Qd3 Qb6+ 24. Kh2 Qf2 25. Qg3 Qxg3+ 26. Kxg3 Rfc8
0-1

[Event "AUTO-ADV-3513"]
[Site "http://www.queenalice.com/game.php?id=1388954"]
[Date "2015.10.13"]
[Round "1"]
[White "Paulsains"]
[Black "Morau"]
[Result "1-0"]
[WhiteElo "1896"]
[BlackElo "1958"]

1. e4 e5 2. Nf3 Nc6 3. Be2 Nf6 4. d3 d5 5. exd5 Nxd5 6. O-O Bd6 7. Bd2 O-O 8. c4
Nde7 9. Nc3 Nf5 10. h3 a6 11. Nd5 Be6 12. Ne3 Bc5 13. Nxf5 Bxf5 14. Bc3 Re8 15.
a3 b5 16. g4 1-0

[Event "AUTO-ADV-3513"]
[Site "http://www.queenalice.com/game.php?id=1388955"]
[Date "2015.10.13"]
[Round "1"]
[White "Morau"]
[Black "Paulsains"]
[Result "0-1"]
[WhiteElo "1978"]
[BlackElo "1876"]

1. e4 e5 2. Nf3 Nf6 3. Nc3 d6 4. d4 Bg4 5. dxe5 Bxf3 6. Qxf3 dxe5 7. Bg5 Be7 8.
Rd1 Nbd7 9. g3 O-O 10. Bc4 h6 11. Bxf6 Bxf6 12. Qf5 g6 13. Qxg6+ Bg7 14. Qf5 Qg5
15. Rxd7 Qc1+ 16. Nd1 Qxc2 0-1

[Event "AUTO-ADV-3513"]
[Site "http://www.queenalice.com/game.php?id=1388968"]
[Date "2015.10.13"]
[Round "1"]
[White "NickThorp"]
[Black "Morau"]
[Result "1-0"]
[WhiteElo "1683"]
[BlackElo "1903"]

1. e4 e5 2. Nf3 Nf6 3. d3 Nc6 4. Bg5 d5 5. Bxf6 gxf6 6. h3 Bc5 7. Nc3 d4 8. Nd5
O-O 9. Nh4 Nb4 10. Nf5 Bxf5 11. Nxb4 Bxb4+ 12. c3 dxc3 13. exf5 1-0

[Event "AUTO-ADV-3513"]
[Site "http://www.queenalice.com/game.php?id=1388969"]
[Date "2015.10.13"]
[Round "1"]
[White "Morau"]
[Black "NickThorp"]
[Result "0-1"]
[WhiteElo "1930"]
[BlackElo "1656"]

1. e4 e5 2. Nf3 Nc6 3. Bb5 a6 4. Bxc6 dxc6 5. O-O Bg4 6. h3 Bh5 7. d3 Bc5 8. g4
Bg6 9. Re1 Nf6 10. Na3 Bxa3 11. bxa3 b5 12. Nxe5 O-O 13. f4 Qd4+ 0-1

[Event "AUTO-ADV-3513"]
[Site "http://www.queenalice.com/game.php?id=1388976"]
[Date "2015.10.13"]
[Round "1"]
[White "Michelangelo"]
[Black "Morau"]
[Result "1-0"]
[WhiteElo "2117"]
[BlackElo "1878"]

1. e4 e5 2. Nf3 Nc6 3. Bb5 Nf6 4. O-O Bc5 5. c3 O-O 6. d4 Bb6 7. Bg5 h6 8. Bh4
exd4 9. cxd4 a6 10. Bxc6 dxc6 11. e5 g5 12. Bxg5 1-0

[Event "AUTO-ADV-3513"]
[Site "http://www.queenalice.com/game.php?id=1388977"]
[Date "2015.10.13"]
[Round "1"]
[White "Morau"]
[Black "Michelangelo"]
[Result "0-1"]
[WhiteElo "1940"]
[BlackElo "2099"]

1. e4 e5 2. Nf3 Nf6 3. Nxe5 d6 4. Nf3 Nxe4 5. Nc3 Nxc3 6. dxc3 Be7 7. Bd3 O-O 8.
O-O Nd7 9. Re1 Bf6 10. Be3 Nb6 11. Nd2 Be6 12. Ne4 Be7 0-1